Working paper. (Record no. 1696)

MARC details
000 -LEADER
fixed length control field 02437cas a2200565 a 4500
001 - CONTROL NUMBER
control field data
005 - DATE AND TIME OF LATEST TRANSACTION
control field 20260322212113.0
006 - FIXED-LENGTH DATA ELEMENTS--ADDITIONAL MATERIAL CHARACTERISTICS
fixed length control field data
007 - PHYSICAL DESCRIPTION FIXED FIELD--GENERAL INFORMATION
fixed length control field data
008 - FIXED-LENGTH DATA ELEMENTS--GENERAL INFORMATION
fixed length control field data
010 ## - LIBRARY OF CONGRESS CONTROL NUMBER
LC control number 2005201995
022 0# - INTERNATIONAL STANDARD SERIAL NUMBER
International Standard Serial Number 1936-8933
Source 1
023 0# - CLUSTER ISSN
Cluster ISSN 1936-8925
Source 1
029 1# - OTHER SYSTEM CONTROL NUMBER (OCLC)
OCLC library identifier AU@
System control number 000040178012
029 1# - OTHER SYSTEM CONTROL NUMBER (OCLC)
OCLC library identifier AU@
System control number 000040178936
035 ## - SYSTEM CONTROL NUMBER
System control number (OCoLC)62736012
037 ## - SOURCE OF ACQUISITION
Source of stock number/acquisition UCLA Economics, Box 951477, Los Angeles, CA 90095-1477
040 ## - CATALOGING SOURCE
Original cataloging agency DLC
Language of cataloging eng
Transcribing agency DLC
Modifying agency OCLCQ
-- OCLCQ
-- NSD
-- DLC
-- OCLCQ
-- OCLCO
-- OCLCA
-- OCLCF
-- CLU
-- OCLCO
-- OCLCQ
-- OCLCL
-- OCLCQ
042 ## - AUTHENTICATION CODE
Authentication code nsdp
-- nsdp
050 00 - LIBRARY OF CONGRESS CALL NUMBER
Classification number HB131
082 10 - DEWEY DECIMAL CLASSIFICATION NUMBER
Classification number 330
Edition information 14
Real World Object URI https://id.oclc.org/worldcat/ddc/E37JHjV9yp67MdX74mthKYkKCx
130 0# - MAIN ENTRY--UNIFORM TITLE
Uniform title Working paper (University of California, Los Angeles. Department of Economics)
222 #0 - KEY TITLE
Key title Working paper
Qualifying information (University of California, Los Angeles. Dept. of Economics. Online)
245 10 - TITLE STATEMENT
Title Working paper.
246 1# - VARYING FORM OF TITLE
Display text Title from series web page:
Title proper/short title Working papers
246 1# - VARYING FORM OF TITLE
Display text Some issues have title:
Title proper/short title UCLA working paper
246 1# - VARYING FORM OF TITLE
Display text Some issues have title:
Title proper/short title UCLA Dept. of Economics working paper
260 ## - PUBLICATION, DISTRIBUTION, ETC.
Place of publication, distribution, etc. Los Angeles :
Name of publisher, distributor, etc. Dept. of Economics, University of California, Los Angeles,
Date of publication, distribution, etc. 1979-
310 ## - CURRENT PUBLICATION FREQUENCY
Current publication frequency Irregular
336 ## - CONTENT TYPE
Content type term text
Content type code txt
Source rdacontent
337 ## - MEDIA TYPE
Media type term computer
Media type code c
Source rdamedia
338 ## - CARRIER TYPE
Carrier type term online resource
Carrier type code cr
Source rdacarrier
362 0# - DATES OF PUBLICATION AND/OR SEQUENTIAL DESIGNATION
Dates of publication and/or sequential designation No. 154 (June 1979)-
500 ## - GENERAL NOTE
General note Title from p. 1 of pdf file (viewed at the publisher's Web site, Dec. 22, 2005).
530 ## - ADDITIONAL PHYSICAL FORM AVAILABLE NOTE
Additional physical form available note Also issued in print.
538 ## - SYSTEM DETAILS NOTE
System details note Mode of access: World Wide Web.
588 ## - SOURCE OF DESCRIPTION NOTE
Source of description note Latest issue consulted: 843 (July 13, 2005) (viewed Dec. 22, 2005).
650 #0 - SUBJECT ADDED ENTRY--TOPICAL TERM
Topical term or geographic name entry element Economics
General subdivision Methodology.
650 #0 - SUBJECT ADDED ENTRY--TOPICAL TERM
Topical term or geographic name entry element Economics.
650 #7 - SUBJECT ADDED ENTRY--TOPICAL TERM
Topical term or geographic name entry element Economics.
Source of heading or term fast
Authority record control number or standard number (OCoLC)fst00902116
650 #7 - SUBJECT ADDED ENTRY--TOPICAL TERM
Topical term or geographic name entry element Economics
General subdivision Methodology.
Source of heading or term fast
Authority record control number or standard number (OCoLC)fst00902160
710 2# - ADDED ENTRY--CORPORATE NAME
Corporate name or jurisdiction name as entry element University of California, Los Angeles.
Subordinate unit Department of Economics.
776 08 - ADDITIONAL PHYSICAL FORM ENTRY
Relationship information Print version:
Title Working paper (University of California, Los Angeles. Department of Economics)
International Standard Serial Number 1936-8925
Record control number (OCoLC)11628737
-- (OCoLC)11628737
780 00 - PRECEDING ENTRY
Title Discussion papers (University of California, Los Angeles. Department of Economics)
Record control number (OCoLC)62736002
-- (OCoLC)62736002
859 40 - LOCAL CONTROL INFORMATION (RLIN)
-- http://www.econ.ucla.edu/research/workingpapers.html
906 ## - LOCAL DATA ELEMENT F, LDF (RLIN)
a 7
b cbc
c serials
d 2
e ncip
f 20
g n-oclcserc
925 0# -
-- acquire
-- 1 shelf copy
-- policy default
955 ## - COPY-LEVEL INFORMATION (RLIN)
-- df49 2007-04-23
Holdings
Withdrawn status Lost status Damaged status Not for loan Home library Current library Shelving location Date acquired Total checkouts Full call number Barcode Date last seen Price effective from Koha item type
        Springfield Springfield General stacks 22/03/2026   330 LOC-SPL-00039 22/03/2026 22/03/2026 Books